Garančné úrazové poistenie a nová odvodová politika v Slovenskej republike

Analýza dôsledkov odčlenenia úrazového a garančného poistenia zo systému sociálneho poistenia.

Salvato in:
Dettagli Bibliografici
Autore principale: Pechová, Michaela, 1977-
Natura: Capitolo di libro
Lingua:slovacco
Soggetti:
Tags: Aggiungi Tag
Nessun Tag, puoi essere il primo ad aggiungerne!!

MARC

LEADER 00000naa a2200000 4500
001 0142883
005 20240502072548.9
041 0 |a slo 
044 |a SK 
245 1 0 |a Garančné úrazové poistenie a nová odvodová politika v Slovenskej republike  |c Michaela Pechová 
520 |a Analýza dôsledkov odčlenenia úrazového a garančného poistenia zo systému sociálneho poistenia. 
610 2 0 |a Slovensko 
610 2 0 |a poistenie úrazové 
610 2 0 |a poistenie garančné 
610 2 0 |a odvody 
610 2 0 |a zabezpečenie sociálne 
100 1 |a Pechová, Michaela, 1977-